000 00204 a2200097 4500
001 4196
100 _aForest,L.D
245 _aTelevision now & onwards
260 _a
_bHutchinson
_c
090 _c3413
_d3413
942 _aNUST-CAE
_cM
_c26814
999 _c239269
_d239269